Pozycja Corporate Name
Liczba rekordów, w których użyto hasła: 2
001 - Numer kontrolny
- control field: 39199
003 - Identyfikator numeru kontrolnego
- control field: NUKAT
005 - Data i czas ostatniej modyfikacji
- control field: 20260330122708.0
008 - Dane kontrolne kodowane (40 znaków)
- fixed length control field: 260330n||a|znnaabn |a ana |c
010 ## - Numer kontrolny Biblioteki Kongresu
- numer kontrolny LC: n 2026058791
035 ## - Numer systemowy
- numer systemowy: (PlWaBN)p 2010033188
035 ## - Numer systemowy
- numer systemowy: a24513180
035 ## - Numer systemowy
- numer systemowy: (PL)a0000002451318
040 ## - Instytucja sporządzająca rekord
- inst. przygot. dane do rek. khw: OLSZT 008/bak
- język haseł przedmiotowych/tezaurus: kaba
- inst. wprow. rek. khw: OLSZT 008/bak
043 ## - Kod obszaru geograficznego
- ISO code: PL
046 ## - Special dates
- Establishment date: 2000
110 2# - Hasło - nazwa ciała zbiorowego
- nazwa ciała zbior. lub geogr. na pocz.: Mazurskie Centrum Edukacji Ekologicznej (Giżycko).
370 ## - Associated place
- Country: Polska
370 ## - Associated place
- Residence/HQ: Giżycko (woj. warmińsko-mazurskie)
377 ## - Assoc lang
- Lang code: pol
410 2# - Trop zob. - nazwa ciała zbiorowego
- nazwa ciała zbior. lub geogr. na pocz.: Centrum Edukacji Ekologicznej przy Fundacji Ochrony Wielkich Jezior Mazurskich.
410 2# - Trop zob. - nazwa ciała zbiorowego
- nazwa ciała zbior. lub geogr. na pocz.: Fundacja Ochrony Wielkich Jezior Mazurskich.
- nazwa jednostki podrzędnej: Mazurskie Centrum Edukacji Ekologicznej.
410 2# - Trop zob. - nazwa ciała zbiorowego
- nazwa ciała zbior. lub geogr. na pocz.: Mazurskie Centrum Edukacji Ekologicznej FOWJM w Giżycku.
410 2# - Trop zob. - nazwa ciała zbiorowego
- nazwa ciała zbior. lub geogr. na pocz.: Mazurskie Centrum Edukacji Ekologicznej przy Fundacji Ochrony Wielkich Jezior Mazurskich w Giżycku.
670 ## - Źródło informacji
- źródło informacji: W trosce o przyrodę Warmii i Mazur : 10-lecie działalności Mazurskiego Centrum Edukacji Ekologicznej FOWJM w Giżycku / [praca zbiorowa pod red. Ewy Stajudy]. - Giżycko, 2010.
- gdzie znaleziono informację: S. 3
670 ## - Źródło informacji
- źródło informacji: Bliscy znajomi / Zofia Bogdaszewska, Marek Bogdaszewski. - Olsztyn ; Giżycko, 2012.
- gdzie znaleziono informację: Wydawca: (Centrum Edukacji Ekologicznej przy Fundacji Ochrony Wielkich Jezior Mazurskich)
670 ## - Źródło informacji
- źródło informacji: http://www.jeziora.com.pl/mcee.htm